| 000 | 00572nam a22001817a 4500 | ||
|---|---|---|---|
| 003 | OSt | ||
| 005 | 20131115165535.0 | ||
| 008 | 131114b xxu||||| |||| 00| 0 eng d | ||
| 040 |
_aBMC _cBMC |
||
| 082 | _a972.8413 | ||
| 100 | 1 |
_95763 _aEscalante Arce, Pedro Antonio |
|
| 245 | 1 | 0 |
_aCódice de Sonsonate _b: crónicas hispánicas _cEscalante Arce, Pedro Antonio |
| 250 | _a1ª ed | ||
| 260 |
_aSan Salvador _bConcultura, Dirección General de Publicaciones e Impresos _c1992 |
||
| 300 |
_a2 v. _c23 cm |
||
| 651 | 4 |
_99277 _aSonsonate (El Salvador) _xHistoria |
|
| 942 |
_2ddc _cBK |
||
| 999 |
_c4111 _d4111 |
||